[Event "Hastings Challengers 1990/91"]
[Site "Hastings"]
[Date "1991.01.03"]
[Round "7"]
[White "Timoscenko, Gennadij A"]
[Black "Arkell, Keith C"]
[Result "1-0"]
[WhiteElo "2495"]
[BlackElo "2425"]
[PlyCount "37"]
[EventDate "1990.12.28"]
[EventType "swiss"]
[EventRounds "10"]
[EventCountry "ENG"]
[SourceTitle "BritBase"]
[Source "John Saunders"]
[SourceDate "2024.07.22"]
[SourceVersion "1"]
[SourceVersionDate "2024.07.22"]
[SourceQuality "1"]

1. d4 Nf6 2. c4 e6 3. Nc3 Bb4 4. Qc2 c5 5. dxc5 O-O 6. Nf3 Nc6 7. Bf4 Bxc5 8.
e3 d5 9. Rd1 Qa5 10. a3 Ne4 11. cxd5 exd5 12. Rxd5 Nxc3 13. bxc3 Qxa3 14. Ng5
g6 15. Bc4 Bf5 16. Rxf5 gxf5 17. O-O Ne7 18. Be5 Qa5 19. Qb3 1-0

[Event "Hastings Challengers 1990/91"]
[Site "Hastings"]
[Date "1991.01.04"]
[Round "8"]
[White "Janovsky, Sergey"]
[Black "Mestel, A Jonathan"]
[Result "1-0"]
[WhiteElo "2410"]
[BlackElo "2505"]
[PlyCount "49"]
[EventDate "1990.12.28"]
[EventType "swiss"]
[EventRounds "10"]
[EventCountry "ENG"]
[SourceTitle "BritBase"]
[Source "John Saunders"]
[SourceDate "2024.07.22"]
[SourceVersion "1"]
[SourceVersionDate "2024.07.22"]
[SourceQuality "1"]

1. e4 c5 2. c3 e6 3. d4 d5 4. exd5 exd5 5. Nf3 Nc6 6. Be3 c4 7. b3 cxb3 8. axb3
Bd6 9. Bd3 Nge7 10. Nh4 O-O 11. O-O Ng6 12. Nf5 Bc7 13. Qh5 Nce7 14. Nxe7+ Qxe7
15. Qxd5 Be6 16. Qh5 Bxb3 17. c4 a5 18. Nd2 a4 19. Nxb3 axb3 20. Qb5 Bf4 21.
Rae1 Bxe3 22. Rxe3 Qf6 23. Qxb3 Qxd4 24. Qxb7 Ra3 25. Bxg6 1-0

[Event "Hastings Challengers 1990/91"]
[Site "Hastings"]
[Date "1991.01.04"]
[Round "8"]
[White "Ledger, David J"]
[Black "Wells, Peter K"]
[Result "0-1"]
[WhiteElo "2245"]
[BlackElo "2415"]
[PlyCount "86"]
[EventDate "1990.12.28"]
[EventType "swiss"]
[EventRounds "10"]
[EventCountry "ENG"]
[SourceTitle "BritBase"]
[Source "John Saunders"]
[SourceDate "2024.07.22"]
[SourceVersion "1"]
[SourceVersionDate "2024.07.22"]
[SourceQuality "1"]

1. e4 c6 2. d3 d5 3. Nd2 e5 4. Ngf3 Bd6 5. d4 exd4 6. exd5 cxd5 7. Nxd4 Nc6 8.
Bb5 Nge7 9. N2f3 O-O 10. c3 Bg4 11. Qa4 Qc7 12. h3 Bd7 13. Qd1 Bc5 14. Bd3 Bxd4
15. Nxd4 Nxd4 16. cxd4 Bb5 17. O-O Bxd3 18. Qxd3 Qc4 19. Qxc4 dxc4 20. b3 Rfd8
21. Ba3 Nc6 22. bxc4 Rxd4 23. Rab1 Rd3 24. Rb3 Rad8 25. Re1 f6 26. Bc5 Rd1 27.
Kf1 b6 28. Be3 Rxe1+ 29. Kxe1 Ne5 30. Ra3 Rd7 31. Rc3 Rc7 32. Ke2 Rxc4 33. Rxc4
Nxc4 34. Kd3 Ne5+ 35. Kc3 Kf7 36. Kb4 Ke6 37. Kb5 Kd6 38. Bf4 Kc7 39. a4 Kb7
40. Be3 a6+ 41. Kb4 Kc6 42. a5 b5 43. Kc3 Nc4 0-1

[Event "Hastings Challengers 1990/91"]
[Site "Hastings"]
[Date "1991.01.04"]
[Round "8"]
[White "Luce, Sebastien"]
[Black "Grant, Jonathan"]
[Result "1/2-1/2"]
[WhiteElo "2415"]
[BlackElo "2235"]
[PlyCount "136"]
[EventDate "1990.12.28"]
[EventType "swiss"]
[EventRounds "10"]
[EventCountry "ENG"]
[SourceTitle "BritBase"]
[Source "John Saunders"]
[SourceDate "2024.07.22"]
[SourceVersion "1"]
[SourceVersionDate "2024.07.22"]
[SourceQuality "1"]

1. c4 Nf6 2. Nc3 c5 3. g3 e6 4. Nf3 d5 5. cxd5 exd5 6. d4 Nc6 7. Bg2 Be7 8. O-O
O-O 9. Bg5 cxd4 10. Nxd4 h6 11. Be3 Re8 12. h3 Be6 13. Nxe6 fxe6 14. Qc2 Bb4
15. a3 Bxc3 16. bxc3 Ne5 17. g4 Nc4 18. Bc1 Nh7 19. e4 Ng5 20. Rd1 Nb6 21. a4
a5 22. Rb1 Ra6 23. Be3 Nc4 24. Bxg5 Qxg5 25. Qa2 Qf4 26. exd5 Ne5 27. Re1 Rd6
28. Qe2 exd5 29. Qe3 g5 30. Qxf4 gxf4 31. Red1 f3 32. Bf1 b6 33. Bb5 Rc8 34.
Re1 Nc4 35. Rbd1 Na3 36. Rd3 Nxb5 37. axb5 Rc5 38. Rxf3 Rd7 39. Rb1 Kg7 40. Kg2
Rdc7 41. Rd3 a4 42. Ra1 Ra7 43. Ra3 Rxb5 44. Rd4 Rb3 45. Raxa4 Rxa4 46. Rxa4
Rxc3 47. Rb4 Rc6 48. Rb5 Rd6 49. Kf3 Kf6 50. Kf4 Ke6 51. Rb2 Rc6 52. h4 Kf6 53.
f3 Ke6 54. Rb3 Kf6 55. g5+ hxg5+ 56. hxg5+ Kg6 57. Kg4 d4 58. f4 Rd6 59. f5+
Kf7 60. Rd3 b5 61. Kf4 b4 62. Ke5 Rb6 63. Rxd4 b3 64. g6+ Ke7 65. g7 Rb5+ 66.
Kf4 Rb8 67. g8=Q Rxg8 68. Rb4 Rg1 {Source: StarBase 4.56} 1/2-1/2

[Event "Hastings Challengers 1990/91"]
[Site "Hastings"]
[Date "1991.01.04"]
[Round "8"]
[White "Martin, Andrew D"]
[Black "Serper, Grigory"]
[Result "0-1"]
[WhiteElo "2415"]
[BlackElo "2485"]
[PlyCount "56"]
[EventDate "1990.12.28"]
[EventType "swiss"]
[EventRounds "10"]
[EventCountry "ENG"]
[SourceTitle "BritBase"]
[Source "John Saunders"]
[SourceDate "2024.07.22"]
[SourceVersion "1"]
[SourceVersionDate "2024.07.22"]
[SourceQuality "1"]

1. e4 c5 2. Nc3 Nc6 3. g3 g6 4. d3 Bg7 5. Be3 d6 6. Bg2 Nd4 7. Qd2 Qa5 8. f4 e6
9. Nf3 Ne7 10. O-O Nec6 11. Ne1 O-O 12. Nd1 Qa6 13. Nf2 b5 14. c3 Nb3 15. axb3
Qxa1 16. e5 Bb7 17. Ne4 Na5 18. Nxd6 Nxb3 19. Qf2 Bxg2 20. Nxg2 Qa6 21. Bxc5
Nxc5 22. Qxc5 Rad8 23. Qe3 Qc6 24. d4 a5 25. Nh4 a4 26. Ra1 b4 27. Nf3 a3 28.
bxa3 Qxc3 0-1

[Event "Hastings Challengers 1990/91"]
[Site "Hastings"]
[Date "1991.01.04"]
[Round "8"]
[White "Panchenko, Alexander N"]
[Black "Hebden, Mark L"]
[Result "1/2-1/2"]
[WhiteElo "2430"]
[BlackElo "2520"]
[PlyCount "48"]
[EventDate "1990.12.28"]
[EventType "swiss"]
[EventRounds "10"]
[EventCountry "ENG"]
[SourceTitle "BritBase"]
[Source "John Saunders"]
[SourceDate "2024.07.22"]
[SourceVersion "1"]
[SourceVersionDate "2024.07.22"]
[SourceQuality "1"]

1. e4 e5 2. Nf3 Nc6 3. Bb5 a6 4. Ba4 Nf6 5. O-O Be7 6. Re1 b5 7. Bb3 O-O 8. d4
d6 9. c3 Bg4 10. Be3 exd4 11. cxd4 d5 12. e5 Ne4 13. h3 Bh5 14. Nc3 Nxc3 15.
bxc3 Bg6 16. Bc2 Bxc2 17. Qxc2 Na5 18. Qf5 Nc4 19. Bg5 h6 20. Bxh6 gxh6 21.
Qg4+ Kh7 22. Qf5+ Kg7 23. Qg4+ Kh7 24. Qf5+ Kg7 1/2-1/2

[Event "Hastings Challengers 1990/91"]
[Site "Hastings"]
[Date "1991.01.04"]
[Round "8"]
[White "Thompson, Ian D"]
[Black "Myles, Simon"]
[Result "1-0"]
[WhiteElo "2160"]
[BlackElo "1880"]
[PlyCount "73"]
[EventDate "1990.12.28"]
[EventType "swiss"]
[EventRounds "10"]
[EventCountry "ENG"]
[SourceTitle "BritBase"]
[Source "John Saunders"]
[SourceDate "2024.07.22"]
[SourceVersion "1"]
[SourceVersionDate "2024.07.22"]
[SourceQuality "1"]

1. c4 Nf6 2. Nc3 c5 3. g3 e6 4. Nf3 b6 5. Bg2 Bb7 6. O-O Be7 7. Re1 O-O 8. e4
d6 9. d4 cxd4 10. Qxd4 a6 11. b3 Nbd7 12. Bb2 Qc7 13. Rad1 Rac8 14. Qe3 Rfd8
15. h3 Qb8 16. Nd4 Ba8 17. Kh2 Ne5 18. Qe2 Nc6 19. Nc2 Na7 20. Nd4 Nc6 21. Nxc6
Bxc6 22. a4 Ne8 23. f4 Nc7 24. f5 b5 25. axb5 axb5 26. fxe6 fxe6 27. cxb5 Bxb5
28. Qg4 Bf8 29. Nxb5 Qxb5 30. Re3 e5 31. Rc3 Qd7 32. Qxd7 Rxd7 33. Rdc1 Be7 34.
h4 Kf8 35. Bh3 Ke8 36. Ba3 Bd8 37. Bxd6 {Source: Ian Thompson} 1-0

[Event "Hastings Challengers 1990/91"]
[Site "Hastings"]
[Date "1991.01.05"]
[Round "9"]
[White "Hebden, Mark L"]
[Black "Janovsky, Sergey"]
[Result "1-0"]
[WhiteElo "2520"]
[BlackElo "2410"]
[PlyCount "85"]
[EventDate "1990.12.28"]
[EventType "swiss"]
[EventRounds "10"]
[EventCountry "ENG"]
[SourceTitle "BritBase"]
[Source "John Saunders"]
[SourceDate "2024.07.22"]
[SourceVersion "1"]
[SourceVersionDate "2024.07.22"]
[SourceQuality "1"]

1. d4 d5 2. c4 c6 3. Nf3 Nf6 4. e3 Bg4 5. h3 Bxf3 6. Qxf3 e6 7. Bd3 Nbd7 8. O-O
Be7 9. Nc3 O-O 10. Rd1 Nb6 11. b3 Re8 12. Bb2 Qc7 13. e4 Rad8 14. cxd5 cxd5 15.
e5 Nfd7 16. h4 Nf8 17. h5 Nbd7 18. h6 g6 19. Nb5 Qb6 20. a4 a5 21. Ba3 Bxa3 22.
Rxa3 Re7 23. g4 g5 24. Qe3 f6 25. exf6 Rf7 26. Qxg5+ Kh8 27. Re1 Nxf6 28. Qf4
Kg8 29. f3 Ne4 30. Qe3 Nd6 31. Ra2 Nxb5 32. axb5 Rc8 33. Rf2 Qd6 34. Kg2 Rf4
35. Qd2 Rc7 36. Re5 Rcf7 37. Bf5 Qe7 38. Qxf4 Ng6 39. Qg3 Nxe5 40. dxe5 exf5
41. gxf5+ Kh8 42. f6 Qe6 43. Qg4 1-0

[Event "Hastings Challengers 1990/91"]
[Site "Hastings"]
[Date "1991.01.05"]
[Round "9"]
[White "McNab, Colin Anderson"]
[Black "Suba, Mihai"]
[Result "0-1"]
[WhiteElo "2385"]
[BlackElo "2520"]
[PlyCount "92"]
[EventDate "1990.12.28"]
[EventType "swiss"]
[EventRounds "10"]
[EventCountry "ENG"]
[SourceTitle "BritBase"]
[Source "John Saunders"]
[SourceDate "2024.07.22"]
[SourceVersion "1"]
[SourceVersionDate "2024.07.22"]
[SourceQuality "1"]

1. Nf3 g6 2. c4 f5 3. Nc3 Bg7 4. d4 d6 5. e4 fxe4 6. Nxe4 Nf6 7. Nxf6+ Bxf6 8.
Be2 e6 9. h4 Qe7 10. Be3 Nc6 11. Qd2 Bd7 12. h5 O-O-O 13. hxg6 hxg6 14. Rxh8
Rxh8 15. O-O-O Kb8 16. d5 Nd8 17. Nd4 e5 18. Nb5 b6 19. c5 dxc5 20. Nxc7 Qd6
21. Nb5 Bxb5 22. Bxb5 Rh4 23. a3 Nb7 24. Qc2 Bg7 25. g3 Rh2 26. Kb1 Bh6 27.
Bxh6 Rxh6 28. Qe4 Qf6 29. d6 Rh8 30. Qd5 Qxf2 31. Ba6 Nd8 32. Bf1 Rh2 33. Qxe5
Qc2+ 34. Ka2 Qxd1 35. Qe7 Qd5+ 36. Ka1 Qc6 37. Qxd8+ Qc8 38. Qf6 Rd2 39. Bb5 a6
40. d7 Rd1+ 41. Ka2 Qg8+ 42. b3 Ka7 43. Qe5 Rd2+ 44. Ka1 Qb8 45. Qg7 Qd8 46.
Bc6 Rd6 0-1

[Event "Hastings Challengers 1990/91"]
[Site "Hastings"]
[Date "1991.01.05"]
[Round "9"]
[White "Mestel, A Jonathan"]
[Black "Formanek, Edward W"]
[Result "1-0"]
[WhiteElo "2505"]
[BlackElo "2320"]
[PlyCount "80"]
[EventDate "1990.12.28"]
[EventType "swiss"]
[EventRounds "10"]
[EventCountry "ENG"]
[SourceTitle "BritBase"]
[Source "John Saunders"]
[SourceDate "2024.07.22"]
[SourceVersion "1"]
[SourceVersionDate "2024.07.22"]
[SourceQuality "1"]

1. Nf3 d5 2. c4 d4 3. g3 Nc6 4. d3 g6 5. Bg2 Bg7 6. O-O e5 7. e3 Nge7 8. exd4
Nxd4 9. Nxd4 Qxd4 10. Nc3 O-O 11. Be3 Qd8 12. b4 a6 13. Qb3 Nf5 14. Bc5 Re8 15.
a4 Bf8 16. Ne4 Bxc5 17. Nxc5 Rb8 18. b5 Nd4 19. Qb2 a5 20. Rae1 Bf5 21. f4 b6
22. Ne4 exf4 23. Rxf4 Bxe4 24. Bxe4 Ne6 25. Rff1 Qd4+ 26. Qxd4 Nxd4 27. Bd5
Rxe1 28. Rxe1 Kf8 29. Kf2 Nc2 30. Rc1 Nb4 31. Ke3 Re8+ 32. Kd2 Rd8 33. g4 Nxd5
34. cxd5 Rxd5 35. Rxc7 Rd4 36. Rc4 Rd5 37. Ke3 h5 38. h3 hxg4 39. hxg4 Re5+ 40.
Kf4 Re1 {Scoresheet unreadable 1-0 64 moves} 1-0

[Event "Hastings Challengers 1990/91"]
[Site "Hastings"]
[Date "1991.01.05"]
[Round "9"]
[White "Pichon, Jean Marc"]
[Black "Thompson, Ian D"]
[Result "0-1"]
[WhiteElo "2255"]
[BlackElo "2160"]
[PlyCount "50"]
[EventDate "1990.12.28"]
[EventType "swiss"]
[EventRounds "10"]
[EventCountry "ENG"]
[SourceTitle "BritBase"]
[Source "John Saunders"]
[SourceDate "2024.07.22"]
[SourceVersion "1"]
[SourceVersionDate "2024.07.22"]
[SourceQuality "1"]

1. e4 e6 2. d3 d5 3. Nd2 Nf6 4. Ngf3 b6 5. g3 Bb7 6. Qe2 Be7 7. Bg2 dxe4 8.
dxe4 Ba6 9. c4 Bb7 10. O-O c5 11. Rd1 Qc7 12. e5 Nfd7 13. Ne4 O-O 14. Bf4 Nc6
15. Nf6+ Bxf6 16. exf6 Qc8 17. fxg7 Re8 18. b3 e5 19. Ng5 Nf6 20. Bh3 Qc7 21.
Nxh7 Kxh7 22. Rd7 Nd4 23. Qd3+ Be4 24. Rxc7 Bxd3 25. Bg5 Nf3+ {Source: Ian
Thompson} 0-1

[Event "Hastings Challengers 1990/91"]
[Site "Hastings"]
[Date "1991.01.05"]
[Round "9"]
[White "Sher, Miron Naumovich"]
[Black "Wilde, Pierre"]
[Result "1-0"]
[WhiteElo "2485"]
[BlackElo "2255"]
[PlyCount "58"]
[EventDate "1990.12.28"]
[EventType "swiss"]
[EventRounds "10"]
[EventCountry "ENG"]
[SourceTitle "BritBase"]
[Source "John Saunders"]
[SourceDate "2024.07.22"]
[SourceVersion "1"]
[SourceVersionDate "2024.07.22"]
[SourceQuality "1"]

1. c4 e5 2. g3 Nc6 3. Bg2 g6 4. Nc3 Bg7 5. Rb1 f5 6. d3 Nf6 7. e3 O-O 8. Nge2
Ne7 9. O-O c6 10. e4 Kh8 11. Qb3 d6 12. Be3 h6 13. Rbd1 g5 14. exf5 Nxf5 15.
Bc1 Qe8 16. Ne4 Qh5 17. f3 Qg6 18. Qa3 Rd8 19. g4 Nh4 20. Nxd6 Bf8 21. c5 Bxd6
22. cxd6 Nd5 23. d4 Nxg2 24. Kxg2 e4 25. h3 Re8 26. f4 a5 27. Qg3 e3 28. f5 Qf6
29. Rf3 b5 {Scoresheet unreadable..... 1-0 39 moves. Given as played in round
8 in the bulletin but actually played in round 9 according to the crosstable.}
1-0

[Event "Hastings Challengers 1990/91"]
[Site "Hastings"]
[Date "1991.01.05"]
[Round "9"]
[White "Vladimirov, Yevgeniy"]
[Black "Tseitlin, Mikhail S"]
[Result "1/2-1/2"]
[WhiteElo "2575"]
[BlackElo "2510"]
[PlyCount "85"]
[EventDate "1990.12.28"]
[EventType "swiss"]
[EventRounds "10"]
[EventCountry "ENG"]
[SourceTitle "BritBase"]
[Source "John Saunders"]
[SourceDate "2024.07.22"]
[SourceVersion "1"]
[SourceVersionDate "2024.07.22"]
[SourceQuality "1"]

1. d4 f5 2. g3 Nf6 3. Bg2 g6 4. Nf3 Bg7 5. O-O O-O 6. b3 Nc6 7. Bb2 Ne4 8. c4
d6 9. Nc3 e5 10. dxe5 Nxc3 11. Bxc3 dxe5 12. Qd5+ Kh8 13. Qxd8 Rxd8 14. Ng5 Re8
15. Bxc6 bxc6 16. Rad1 f4 17. f3 a5 18. Rd2 Kg8 19. Rfd1 fxg3 20. hxg3 Bh6 21.
Rd8 Bf5 22. Rxe8+ Rxe8 23. Ne4 Bxe4 24. fxe4 Be3+ 25. Kg2 Bd4 26. Bxa5 Ra8 27.
b4 c5 28. a3 cxb4 29. axb4 c5 30. Rd3 cxb4 31. Bxb4 Ra2 32. Kf3 Rc2 33. e3 Rxc4
34. exd4 Rxb4 35. dxe5 Kf7 36. Kf4 h6 37. Rd7+ Ke6 38. Rd6+ Kf7 39. Rd7+ Ke6
40. Rh7 g5+ 41. Kg4 Rxe4+ 42. Kh5 Rxe5 43. Rxh6+ 1/2-1/2

[Event "Hastings Challengers 1990/91"]
[Site "Hastings"]
[Date "1991.01.06"]
[Round "10"]
[White "Gallagher, Joseph G"]
[Black "Suetin, Alexey S"]
[Result "0-1"]
[WhiteElo "2495"]
[BlackElo "2360"]
[PlyCount "94"]
[EventDate "1990.12.28"]
[EventType "swiss"]
[EventRounds "10"]
[EventCountry "ENG"]
[SourceTitle "BritBase"]
[Source "John Saunders"]
[SourceDate "2024.07.22"]
[SourceVersion "1"]
[SourceVersionDate "2024.07.22"]
[SourceQuality "1"]

1. e4 c5 2. Nf3 e6 3. d4 cxd4 4. Nxd4 Nc6 5. Nb5 d6 6. c4 Nf6 7. N1c3 a6 8. Na3
Be7 9. Be2 O-O 10. O-O b6 11. Be3 Ne5 12. f4 Ned7 13. Bf3 Bb7 14. Qe2 Qc7 15.
Rac1 Rfe8 16. Rfd1 Rac8 17. g4 h6 18. h4 Nh7 19. Qh2 g5 {Played with great
emphasis by the Russian, as if saying: "Now see if you can mate me on the
h-file!"} 20. hxg5 hxg5 21. f5 Bf8 22. Kf2 Ndf6 23. Rh1 Bg7 24. Qg2 Qe7 25.
Rce1 exf5 26. exf5 Bxf3 27. Qxf3 Ne4+ 28. Nxe4 Qxe4 29. Qxe4 Rxe4 30. Kf3 Rce8
31. b3 Bc3 {Black's pieces have come to life.} 32. Re2 Nf6 33. Nc2 {Black
offered a draw but was turned down. In response he lit a cigarette.} d5 34. Rg2
dxc4 35. Bxg5 cxb3 36. axb3 Nd7 37. Rgh2 Bg7 38. Rd1 Nf6 39. Bf4 {Now, surely,
the attack is about to break through with g5 coming. The wily veteran plays
that ungainly knight move again - and wins a thousand pounds!} Nh7 $1 40. g5 $4
(40. Rg2 $16) 40... Rxf4+ $1 41. Kxf4 Be5+ 42. Kg4 Bxh2 43. Rd4 Bg1 44. Rd2 Bc5
45. Kh5 Re5 46. Rd8+ Nf8 47. Kg4 Re2 {Source: bulletin; BCM, February 1991, p55
} 0-1

[Event "Hastings Challengers 1990/91"]
[Site "Hastings"]
[Date "1991.01.06"]
[Round "10"]
[White "Luce, Sebastien"]
[Black "Kumaran, Dharshan"]
[Result "1/2-1/2"]
[WhiteElo "2415"]
[BlackElo "2245"]
[PlyCount "219"]
[EventDate "1990.12.28"]
[EventType "swiss"]
[EventRounds "10"]
[EventCountry "ENG"]
[SourceTitle "BritBase"]
[Source "John Saunders"]
[SourceDate "2024.07.22"]
[SourceVersion "1"]
[SourceVersionDate "2024.07.22"]
[SourceQuality "1"]

1. c4 Nf6 2. g3 c5 3. Bg2 e6 4. d3 d5 5. Nf3 Be7 6. O-O O-O 7. cxd5 exd5 8. d4
Nc6 9. Nbd2 Re8 10. dxc5 Bxc5 11. Nb3 Bb6 12. e3 Bg4 13. h3 Bh5 14. Nbd4 Bxd4
15. exd4 Bxf3 16. Bxf3 Qb6 17. Be3 Qxb2 18. Rb1 Qxa2 19. Rxb7 Rab8 20. Rxb8
Rxb8 21. Qc1 Qa4 22. Qc5 h6 23. Rc1 Nb4 24. Bd1 Qd7 25. Rb1 Nc6 26. Rxb8+ Nxb8
27. Kg2 Qb7 28. Bc2 Nbd7 29. Qe7 Qa8 30. Qd6 Nb6 31. Bf4 Nc4 32. Qa6 Nd7 33.
Bf5 Ndb6 34. h4 g6 35. Bh3 Kg7 36. Kh2 f6 37. Bc7 g5 38. h5 Kf7 39. Bf5 Ke7 40.
Kg2 Kf8 41. g4 Kg7 42. Kh3 Kf7 43. Kh2 Kf8 44. Kg2 Kg7 45. Kh3 Kf7 46. f3 Kg7
47. Bg6 Kh8 48. Kg3 Kg7 49. Kf2 Kh8 50. Kg3 Kg7 51. Kg2 Kh8 52. Bxb6 Nxb6 53.
Qa3 Qd8 54. Qxa7 Nd7 55. Bf5 Qe7 56. Kf2 Qb4 57. Ke2 Qb2+ 58. Kd1 Qb3+ 59. Kd2
Nf8 60. Qc5 Kg8 61. Qc3 Qb8 62. Kc2 Qh2+ 63. Kb3 Qb8+ 64. Kc2 Qh2+ 65. Kb3 Qb8+
66. Ka4 Qa7+ 67. Kb3 Kf7 68. Bc8 Qb8+ 69. Ka4 Qa7+ 70. Kb5 Qb8+ 71. Ka6 Qa8+
72. Kb6 Qb8+ 73. Ka6 Qa8+ 74. Kb5 Qb8+ 75. Ka5 Qa7+ 76. Kb4 Qb6+ 77. Ka4 Qa7+
78. Kb3 Qb8+ 79. Kc2 Qh2+ 80. Kc1 Qd6 81. Kc2 Qh2+ 82. Kb1 Qb8+ 83. Kc1 Qd6 84.
Kd1 Qb6 85. Qd3 Qb2 86. Bf5 Qa1+ 87. Ke2 Qa2+ 88. Qd2 Qc4+ 89. Bd3 Qc7 90. Qe3
Qh2+ 91. Kd1 Qc7 92. Bf5 Qa7 93. Qc3 Qb7 94. Qc2 Qa7 95. Qd3 Qa1+ 96. Kc2 Qa2+
97. Kc1 Ne6 98. Bxe6+ Kxe6 99. Qc3 Qa6 100. Kd2 Kd7 101. Qb3 Qd6 102. Qb7+ Ke6
103. Kc2 Qd8 104. Kb3 Qa5 105. Qb8 Qa6 106. Qe8+ Kd6 107. Qf8+ Ke6 108. Qc5
Qd3+ 109. Kb4 Qxf3 110. Qc6+ 1/2-1/2

[Event "Hastings Challengers 1990/91"]
[Site "Hastings"]
[Date "1991.01.06"]
[Round "10"]
[White "Panchenko, Alexander N"]
[Black "Mestel, A Jonathan"]
[Result "1/2-1/2"]
[WhiteElo "2430"]
[BlackElo "2505"]
[PlyCount "47"]
[EventDate "1990.12.28"]
[EventType "swiss"]
[EventRounds "10"]
[EventCountry "ENG"]
[SourceTitle "BritBase"]
[Source "John Saunders"]
[SourceDate "2024.07.22"]
[SourceVersion "1"]
[SourceVersionDate "2024.07.22"]
[SourceQuality "1"]

1. e4 c5 2. Nf3 d6 3. d4 cxd4 4. Qxd4 Nf6 5. Bg5 Nc6 6. Qe3 d5 7. Bxf6 gxf6 8.
Bb5 dxe4 9. Qxe4 Bg7 10. Nc3 O-O 11. O-O f5 12. Qe2 e6 13. Rad1 Qc7 14. Bxc6
Qxc6 15. Nb5 b6 16. Nd6 Bb7 17. b4 Rad8 18. b5 Qc7 19. Nxb7 Qxb7 20. Ne5 Bxe5
21. Qxe5 Qc8 22. Qf6 Rxd1 23. Rxd1 Qxc2 24. Qg5+ 1/2-1/2

[Event "Hastings Challengers 1990/91"]
[Site "Hastings"]
[Date "1991.01.06"]
[Round "10"]
[White "Suba, Mihai"]
[Black "Vladimirov, Yevgeniy"]
[Result "1-0"]
[WhiteElo "2520"]
[BlackElo "2575"]
[PlyCount "79"]
[EventDate "1990.12.28"]
[EventType "swiss"]
[EventRounds "10"]
[EventCountry "ENG"]
[SourceTitle "BritBase"]
[Source "John Saunders"]
[SourceDate "2024.07.22"]
[SourceVersion "1"]
[SourceVersionDate "2024.07.22"]
[SourceQuality "1"]

1. Nf3 Nf6 2. c4 e6 3. g3 d5 4. Bg2 c5 5. cxd5 Nxd5 6. O-O Nc6 7. d4 Be7 8.
dxc5 Bxc5 9. a3 Be7 10. e4 Nb6 11. Qe2 O-O 12. Rd1 Qc7 13. Nc3 Rd8 14. Rxd8+
Qxd8 15. Bf4 Bd7 16. h4 Rc8 17. Rd1 Qe8 18. e5 Na5 19. Nd4 Bxa3 20. Ncb5 Bxb5
21. Nxb5 Be7 22. Nxa7 Rd8 23. Rxd8 Bxd8 24. Nb5 Nac4 25. Nd6 Nxd6 26. exd6 Qd7
27. Qd3 h6 28. Qb3 g5 29. hxg5 hxg5 30. Bxg5 Bxg5 31. Qxb6 Bf6 32. Qc7 Qa4 33.
Bf3 Qb5 34. d7 Qg5 35. Qxb7 Kg7 36. Qb4 Qc1+ 37. Kg2 Qc7 38. Qa4 Bxb2 39. Qg4+
Kf8 40. Qb4+ 1-0

[Event "Hastings Challengers 1990/91"]
[Site "Hastings"]
[Date "1991.01.06"]
[Round "10"]
[White "Thompson, Ian D"]
[Black "Helbig, Paul D"]
[Result "1/2-1/2"]
[WhiteElo "2160"]
[BlackElo "2105"]
[PlyCount "58"]
[EventDate "1990.12.28"]
[EventType "swiss"]
[EventRounds "10"]
[EventCountry "ENG"]
[SourceTitle "BritBase"]
[Source "John Saunders"]
[SourceDate "2024.07.22"]
[SourceVersion "1"]
[SourceVersionDate "2024.07.22"]
[SourceQuality "1"]

1. c4 g6 2. Nc3 Bg7 3. g3 c5 4. Bg2 Nc6 5. Nf3 e5 6. Rb1 Nge7 7. O-O O-O 8. a3
a5 9. d3 d6 10. Bd2 Rb8 11. e3 h6 12. Ne1 f5 13. Nc2 Be6 14. b4 axb4 15. axb4
cxb4 16. Nxb4 Nxb4 17. Rxb4 d5 18. cxd5 Nxd5 19. Nxd5 Bxd5 20. Bxd5+ Qxd5 21.
Qb3 Qxb3 22. Rxb3 Rfd8 23. Rfb1 Rd7 24. Kf1 b5 25. Rxb5 Rxb5 26. Rxb5 Rxd3 27.
Ke2 Rd7 28. Bc3 e4 29. Bxg7 Kxg7 {Source: Ian Thompson} 1/2-1/2

[Event "Hastings Challengers 1990/91"]
[Site "Hastings"]
[Date "1991.01.06"]
[Round "10"]
[White "Tseitlin, Mikhail S"]
[Black "Conquest, Stuart C"]
[Result "1/2-1/2"]
[WhiteElo "2510"]
[BlackElo "2460"]
[PlyCount "37"]
[EventDate "1990.12.28"]
[EventType "swiss"]
[EventRounds "10"]
[EventCountry "ENG"]
[SourceTitle "BritBase"]
[Source "John Saunders"]
[SourceDate "2024.07.22"]
[SourceVersion "1"]
[SourceVersionDate "2024.07.22"]
[SourceQuality "1"]

1. d4 Nf6 2. Nf3 e6 3. Bg5 c5 4. e3 h6 5. Bh4 b6 6. Nbd2 Bb7 7. c3 Be7 8. Bd3
O-O 9. O-O Nc6 10. Qe2 cxd4 11. exd4 Nh5 12. Bxe7 Nxe7 13. g3 f5 14. Ne5 Nf6
15. Rae1 Qc7 16. f4 Rae8 17. Bb5 Kh7 18. Qc4 Rc8 19. Qxc7 1/2-1/2

[Event "Hastings Main B 1990/91"]
[Site "Hastings"]
[Date "1990.12.??"]
[Round "?"]
[White "Isherwood, Paul"]
[Black "Pesonen, Erkki"]
[Result "1/2-1/2"]
[WhiteElo "1448"]
[BlackElo "1648"]
[PlyCount "74"]
[EventDate "1990.12.28"]
[EventType "swiss"]
[EventRounds "9"]
[EventCountry "ENG"]
[SourceTitle "Denman Collection"]
[Source "Brian Denman"]
[SourceDate "2023.11.29"]
[SourceVersion "1"]
[SourceVersionDate "2023.11.29"]
[SourceQuality "1"]

1. c4 f5 2. Nc3 Nf6 3. d4 g6 4. Bf4 Bg7 5. e3 O-O 6. Nf3 d6 7. Be2 h6 8. Qb3
Nc6 9. O-O-O Na5 10. Qc2 Bd7 11. Ne5 Be8 12. h4 Qc8 13. Nf3 Ng4 14. Nd5 Bf6 15.
Bd3 Nc6 16. Nh2 Nxh2 17. Bxh6 Ng4 18. Bxf8 Kxf8 19. f3 Nb4 20. Nxb4 Nxe3 21.
Qd2 Nxd1 22. Rxd1 e6 23. Be2 a5 24. Nc2 Qd7 25. Kb1 Qh7 26. g3 b6 27. f4 Rd8
28. Qe3 Qe7 29. Ne1 Bc6 30. Bf3 Bxf3 31. Nxf3 e5 32. dxe5 dxe5 33. Rxd8+ Qxd8
34. Nxe5 Bxe5 35. fxe5 Qd1+ 36. Qc1 Qd3+ 37. Ka1 Qxg3 {Source: E I Pesonen 
(Brian Denman Collection)} 1/2-1/2